Odložené dane z pohľadu IAS 12
Odložené dane podľa Medzinárodných účtovných štandardov (IAS) a ich súčasné uplatňovanie na Slovensku. Konkrétne príklady.
Salvato in:
| Autore principale: | |
|---|---|
| Natura: | Capitolo di libro |
| Lingua: | slovacco |
| Soggetti: | |
| Tags: |
Nessun Tag, puoi essere il primo ad aggiungerne!!
|
MARC
| LEADER | 00000naa a2200000 4500 | ||
|---|---|---|---|
| 001 | r048565 | ||
| 005 | 20240502071343.2 | ||
| 041 | 0 | |a slo | |
| 044 | |a SK | ||
| 245 | 1 | 0 | |a Odložené dane z pohľadu IAS 12 |c Anna Harumová |
| 520 | |a Odložené dane podľa Medzinárodných účtovných štandardov (IAS) a ich súčasné uplatňovanie na Slovensku. Konkrétne príklady. | ||
| 610 | 2 | 0 | |a účtovníctvo |
| 610 | 2 | 0 | |a dane odložené |
| 610 | 2 | 0 | |a štandardy |
| 610 | 2 | 0 | |a IAS 12 |
| 610 | 2 | 0 | |a Slovensko |
| 100 | 1 | |a Harumová, Anna, 1955- | |